000
00333 a2200109 4500
001
ART_40069
005
20260410161842.0
008
260409a
245
1
0
_a
La sanción de la Ley de Ética para la función pública
100
1
_a
Caputi, María Claudia
773
0
_t
RAP
_g
- Año 22, Nº 260 (may. 2000)
_w
REV5941
999
_c
24182
_d
24182